00492nam a2200157Ia 450000500170000000800410001708200130005810000160007124500240008726000780011130000130018950000120020294200060021495200990022099900150031920250325024924.0240331s9999 xx 000 0 und d bLEBa894 aLebbe,M.C.S 0aAsan bey sarittiram aColombobMinistry of State For Muslim Religious & Cultural Affairsc1885 a171 p ., aA Novel cL 001040708LaWERCLbWERCLcSSCd2024-03-31l0o 894.811 LEBp3322r2024-03-31w2024-03-31yL c4045d4045